000 02804ncm0a2200457 4500
001 RU\NLR\ONIZ\308436
005 20260426081102.0
035 _a(NLR Aleph) 022791721
071 2 0 _aА. 922 Д.
090 _a13698097
_c13698097
100 _a20260426 rusy50
101 0 _arus
102 _aRU
125 _aa|
128 _afox
145 0 _ac
200 1 _aФокс-Терьер
_bНоты
_e"Я малютка фокс-терьер..."
_fарр. С. Бегельфер
_gслова Е. Волченецкой [т. е. Е. Д. Волчанецкой]
203 _aМузыка
_bзнаковая
_bвизуальная
_cнепосредственная
210 _aПетроград
_aРостов на Дону
_aМосква
_aКисловодск
_cАндрей Дидерихс (преемник Н-ков Л. Адлер)
_d[1914-1918]
215 _a5 с.
_cфотопортр.
_d34 см
225 1 _aПесенки Дмитрия Джусто
_v№ 2
300 _aФотопортр. Д. Джусто: тит. л.
300 _aПросп. сер.: тит. л.
313 _aСистематизация документа проведена по изданию - Методика классифицирования музыкальных произведений (нотных изданий) по таблицам Библиотечно-библиографических классификаций : метод. рекомендации / Гос. б-ка СССР им. В.И. Ленина.- М., 1977. Индексу ББК методических рекомендаций присваивается код ББК для научных библиотек - LBC/SL
606 1 _aВокальная музыка русская
_z19-20 вв.
_jНоты
_2nlr_sh
606 1 _aМузыкальные произведения для голоса с фортепиано
_yРоссия
_z19-20 вв.
_jНоты
_2nlr_sh
606 1 _aЭстрадные песни шутливые
_yРоссия
_z19-20 вв.
_jНоты
_2nlr_sh
686 0 _aЩ943.4-42-041.5(2)
700 1 _6z01790
_aБегельфер
_bС.
_fкон. 19 - нач. 20 в.
_4030
_7ca
702 1 _6z03790
_aВолчанецкая
_bЕ. Д.
_cурожд. Ровинская
_f1881-1956
_gЕкатерина Дмитриевна
_4520
_7ca
702 1 _aДжусто
_bД. Ф.
_f1895-1985
_gДмитрий Фаустович
_4721
_7ca
790 1 _6z01700
_aBegelfer
_bS.
_fкон. 19 - нач. 20 в.
_4030
_7ba
790 1 _6z03702
_aVolčaneckaja
_bE. D.
_f1881-1956
_gEkaterina Dmitrievna
_4520
_7ba
801 0 _aRU
_bNLR
_c20251027
_gPSBO
801 1 _aRU
_bNLR
_c20251027
_2rusmarc
801 2 _aRU
_bNLR
_c20251027
852 _aNLR
_jМ К-4/6688
_m274384
_t1
942 _cSCORE
980 _aONIZ
980 _aNB